| 000 | 00410 a2200145 4500 | ||
|---|---|---|---|
| 999 |
_c3040 _d3040 |
||
| 020 | _a9780335218097 | ||
| 050 | _aBF636.5 MCL 2007 | ||
| 100 |
_aMcLeod, John _eauthor |
||
| 245 |
_aCounselling Skill / _cJohn McLeod |
||
| 264 |
_aMaidenhead _bOpen University Press _c2007 |
||
| 300 | _a281p. : | ||
| 500 | _aIncludes bibliographical references and index | ||
| 650 | _aCounseling. | ||
| 942 |
_2lcc _cBK _h637 _iMCL _kBF |
||